UITU Library & LRC     

Fundamentals of electric circuits (Record no. 31616)

MARC details
000 -LEADER
fixed length control field 00406nam a2200157Ia 4500
008 - FIXED-LENGTH DATA ELEMENTS--GENERAL INFORMATION
fixed length control field 250916s9999 xx 000 0 und d
020 ## - INTERNATIONAL STANDARD BOOK NUMBER
International Standard Book Number 978-1-260-57079-3
082 ## - DEWEY DECIMAL CLASSIFICATION NUMBER
Classification number 621.3192 ALE
100 ## - MAIN ENTRY--PERSONAL NAME
Personal name Alexander, Charles K.
245 #0 - TITLE STATEMENT
Title Fundamentals of electric circuits
250 ## - EDITION STATEMENT
Edition statement 7th
260 ## - PUBLICATION, DISTRIBUTION, ETC.
Place of publication, distribution, etc. New York:
Name of publisher, distributor, etc. McGraw-Hill,
Date of publication, distribution, etc. 2021
300 ## - PHYSICAL DESCRIPTION
Extent 903 p.
600 ## - SUBJECT ADDED ENTRY--PERSONAL NAME
Personal name Electronic Engineering
942 ## - ADDED ENTRY ELEMENTS (KOHA)
Koha item type Books
Holdings
Withdrawn status Lost status Damaged status Not for loan Collection Home library Current library Date acquired Source of acquisition Cost, normal purchase price Total checkouts Full call number Barcode Date last seen Cost, replacement price Price effective from Koha item type
        Engineering Technology UITU Library UITU Library 07/31/2025 Progressive International Agencies (Pvt) Limited 27537.76   621.3192 ALE Q15991 09/16/2025 34422.20 09/16/2025 Books

Powered by Koha